000 00729nam a22002177a 4500
003 0
005 20250123095854.0
008 150827b xxu||||| |||| 00| 0 eng d
050 _aPGS HQ 784.V55
_b.B737 2015
100 _aBorrinaga, Athe Kinslet S.
245 _aVarsity involvement and violence /
_cAthea Kinslet S. Borrinaga.
260 _aLas PiƱas, Philippines :
_bSouthville International School and Colleges,
_c2015.
300 _a28 p. :
_bill. ;
_c28 cm.
_fPASS
504 _aIncludes bibliographical references.
650 _aSports
_vSocial aspects.
650 _aVarsity involvement.
650 _aChildren and violence.
650 _aSchool sports.
650 _aGrade six (Education).
942 _2lcc
_cPASS
999 _c288546
_d288546